Sports Quiz

Random Sports Quiz
Score 0/90 Timer 15:00
0 Plays Today
Year Player % Correct
2018-19Anthony Davis
100%
2017-18Anthony Davis
99.8%
2016-17Anthony Davis
99.7%
2014-15Anthony Davis
99.6%
2015-16Anthony Davis
99.6%
2013-14Anthony Davis
99.3%
2012-13Anthony Davis
98.9%
2019-20Jrue Holiday
98.2%
2002-03Baron Davis
96.7%
2003-04Baron Davis
96.7%
2005-06Chris Paul
96%
2006-07Chris Paul
96%
2007-08Chris Paul
96%
2008-09Chris Paul
96%
2009-10Chris Paul
96%
2010-11Chris Paul
96%
2018-19Jrue Holiday
95.6%
2019-20Brandon Ingram
94.6%
2017-18Jrue Holiday
94%
2016-17Jrue Holiday
93.5%
2015-16Jrue Holiday
92.8%
2014-15Jrue Holiday
92.5%
2013-14Jrue Holiday
92.1%
2017-18DeMarcus Cousins
89.5%
2019-20Lonzo Ball
89.3%
2005-06David West
88.6%
2006-07David West
88.6%
2007-08David West
88.6%
2008-09David West
88.6%
2009-10David West
88.6%
Year Player % Correct
2010-11David West
88.6%
2013-14Eric Gordon
81.7%
2012-13Eric Gordon
80.7%
2014-15Eric Gordon
80.2%
2015-16Eric Gordon
77.8%
2012-13Ryan Anderson
77.3%
2018-19Julius Randle
76.7%
2014-15Ryan Anderson
76.5%
2019-20J.J. Redick
75%
2015-16Ryan Anderson
74.9%
2013-14Tyreke Evans
73.2%
2002-03Jamal Mashburn
71.7%
2014-15Tyreke Evans
71.6%
2004-05J.R. Smith
69.9%
2013-14Jason Smith
68.2%
2002-03P.J. Brown
66.2%
2003-04P.J. Brown
66.2%
2004-05P.J. Brown
66.2%
2005-06P.J. Brown
66.2%
2019-20Josh Hart
66.1%
2006-07Devin Brown
66%
2007-08Peja Stojaković
66%
2008-09Peja Stojaković
66%
2009-10Peja Stojakovic
65.9%
2007-08Tyson Chandler
65.2%
2017-18E'Twaun Moore
64.6%
2011-12Jarrett Jack
64.3%
2016-17E'Twaun Moore
60.8%
2002-03David Wesley
59.9%
2003-04David Wesley
59.9%
Year Player % Correct
2018-19E'Twaun Moore
59.6%
2010-11Emeka Okafor
59.6%
2017-18Nikola Mirotić
59%
2016-17Terrence Jones
56.3%
2006-07Bobby Jackson
54.7%
2018-19Nikola Mirotić
52.4%
2002-03Jamaal Magloire
51.6%
2003-04Jamaal Magloire
51.6%
2012-13Greivis Vásquez
44.2%
2010-11Trevor Ariza
43.8%
2011-12Trevor Ariza
43.8%
2011-12Chris Kaman
41.1%
2016-17Buddy Hield
39.2%
2005-06Desmond Mason
38.3%
2006-07Desmond Mason
38.3%
2009-10Darren Collison
35.7%
2010-11Marco Belinelli
35.3%
2011-12Marco Belinelli
35.3%
2004-05Lee Nailon
34.1%
2012-13Robin Lopez
33.5%
2008-09Rasual Butler
31.4%
2009-10Marcus Thornton
30.9%
2008-09James Posey
28.3%
2011-12Carl Landry
26.3%
2003-04Darrell Armstrong
25.5%
2015-16Norris Cole
23.3%
2007-08Jannero Pargo
22.3%
2004-05Dan Dickau
21.5%
2005-06Speedy Claxton
18.7%
2004-05Rodney Rogers
17%
Remove Ads.
Support Sporcle.
Get the best of Sporcle when you Go Orange. This ad-free experience offers more features, more stats, and more fun while also helping to support Sporcle. Thank you for becoming a member.

You're not logged in!

Compare scores with friends on all Sporcle quizzes.
OR
Log In

Show Comments

Extras

Top Quizzes Today


Score Distribution

Your Account Isn't Verified!

In order to create a playlist on Sporcle, you need to verify the email address you used during registration. Go to your Sporcle Settings to finish the process.

Report this User

Report this user for behavior that violates our Community Guidelines.

Details: